[Event "Speed Chess Championship 2020"]
[Site "Online"]
[Date "2020.11.16"]
[Round "1.6"]
[White "Giri, Anish"]
[Black "Artemiev, Vladislav"]
[Result "1/2-1/2"]
[WhiteElo "2764"]
[BlackElo "2708"]
[Annotator "TA"]
[PlyCount "119"]
[EventDate "2020.10.31"]
[EventType "k.o."]
[EventCountry "NET"]
[SourceTitle "playchess.com"]
[Source "ChessBase"]
[SourceQuality "1"]

{[%evp 13,119,35,40,29,32,18,29,22,25,33,36,19,32,27,16,14,31,0,0,-13,-12,-17,-14,-14,-14,-27,-10,-24,-6,-18,-24,-31,-23,-29,-23,-29,-42,-31,0,0,165,0,0,-24,-24,-24,0,-20,-34,-93,-97,-155,-153,-159,-144,-148,-119,-187,-171,-222,-194,-192,-187,-187,-107,-106,-53,-53,-53,-53,-57,-56,-16,-53,-53,-53,-53,-53,-15,-15,-15,-53,-53,-53,-53,-53,-34,-34,-34,-37,-27,-104,-34,-53,-15,-53,-33,-33,0,0,0,0,0,0,0,0,0,0]} 1. e4 e5 2. Nf3 Nf6 3. Nxe5 d6 4. Nf3 Nxe4 5. Nc3 Nf6 6. d4 Be7 7. Bd3 O-O 8. O-O {C42: Petroff Defence: 3 Nxe5 and unusual White 3rd moves.} Bg4 {8...Nc6 is setting a new trend.} 9. h3 Bh5 10. Re1 {White has an edge.} Re8 11. g4 Bg6 12. Bxg6 hxg6 13. d5 c6 14. Bf4 {[#]} Nbd7 $146 (14... Na6 {keeps more tension.} 15. Qd2 Nc7 16. dxc6 bxc6 17. Rad1 Rb8) ({Predecessor:} 14... Na6 15. Qd2 Qd7 16. Bg3 Rac8 17. Rad1 c5 18. Ng5 Nc7 19. Qf4 Bf8 20. Nge4 Nxe4 21. Nxe4 {1-0 (50) Steinberg,N (2486)-Zvjaginsev,V (2679) Caleta 2017}) 15. dxc6 (15. Re2 {is interesting.} Nb6 16. dxc6 bxc6 17. Qd4 c5 18. Qd3) 15... bxc6 16. Bxd6 Bxd6 17. Qxd6 Ne5 $1 {[%cal Re5f3]} 18. Qxe5 $1 Rxe5 19. Rxe5 Qb6 20. b3 Nd7 21. Re3 (21. Na4 $5 {[%cal Ra4b6]} Qb4 22. Re3 $15) 21... Nf8 22. Rd1 Rd8 {[%mdl 1024] Black has compensation.} 23. Rde1 Ne6 24. Ne4 Qa5 25. a4 Kf8 26. h4 Nf4 $2 {[#]} (26... Nc7 $11) 27. Neg5 $2 (27. Nd6 $1 $18 {[%mdl 512] Threatening mate with Re8+.} Qxe1+ (27... Rxd6 28. Re8#) 28. Rxe1 Rxd6 29. Re5) 27... f6 $1 $11 {[%cal Rf6g5]} 28. Ne6+ Nxe6 29. Rxe6 Qc3 30. Kg2 Qxc2 31. g5 (31. Nd4 $1 $15 Qd3 32. Nxc6 {[%mdl 64] Double Attack}) 31... Qf5 $36 {[%mdl 2048] White must now prevent ...Qg4+. Black is on the roll.} ({Much weaker is} 31... Qxb3 $6 32. gxf6 Kg8 33. Ng5 $11) 32. R6e4 (32. R1e3 $142) 32... c5 33. R1e3 Kg8 34. Kg3 Rf8 35. gxf6 (35. a5 $17 {was worth a try.}) 35... gxf6 $19 ({Much less strong is} 35... Rxf6 36. Re8+ Rf8 37. Rxf8+ Kxf8 38. Ng5 $15) 36. Rf4 (36. Ng1 $142) 36... Qd7 37. Rc4 Qd6+ 38. Kg2 Qd5 (38... Rb8 $19 39. Rec3 Kg7 40. Rxc5 Rxb3 $1 {[%mdl 512]} 41. Rc7+ Kh6 42. Rxb3 Qxc7) 39. Rec3 $17 Qe6 ({Better is} 39... Rc8 $17 40. b4 Rd8 41. bxc5 Qc6) 40. Rxc5 $15 Qg4+ 41. Kh2 Re8 42. R5c4 Qd7 (42... Re4 {with more complications.} 43. Rc8+ Kf7 44. R8c7+ Re7 45. R7c4 Qd7) 43. Kg2 Re7 44. a5 Kg7 45. b4 Qd5 46. Rc5 Qe6 {Hoping for ...Qg4+.} 47. R5c4 Rb7 48. Rd4 (48. Rc7+ $2 Rxc7 49. Rxc7+ Kh6 $19) 48... Kh6 49. Re3 Qf5 50. Ree4 Rc7 51. Rf4 Qe6 $1 52. Nh2 {[#]} (52. Rde4 $11 Qd6 53. Rd4) 52... Kg7 (52... f5 $1 $17 53. Nf1 Rc3) 53. Nf3 Rc2 {Strongly threatening ...Qe3.} 54. Rde4 Qd6 55. Nd4 Rd2 {...f5 is the strong threat.} 56. Ne6+ {The position is equal.} Kf7 57. Ng5+ $1 Kg7 58. Ne6+ Kf7 59. Ng5+ $1 Kg7 60. Ne6+ {Black had all chances to win.  Weighted Error Value: White=0.19/Black=0.18} 1/2-1/2

[Event "Speed Chess Championship 2020"]
[Site "Online"]
[Date "2020.11.04"]
[Round "1.6"]
[White "Fedoseev, Vladimir"]
[Black "Firouzja, Alireza"]
[Result "1/2-1/2"]
[WhiteElo "2676"]
[BlackElo "2749"]
[Annotator "TA"]
[PlyCount "46"]
[EventDate "2020.10.31"]
[EventType "k.o."]
[SourceTitle "playchess.com"]
[Source "ChessBase"]
[SourceQuality "1"]

{[%evp 20,46,0,0,0,0,0,0,0,0,0,0,0,0,0,0,0,0,0,0,0,0,0,0,0,0,0,0,0]} 1. d4 Nf6 2. c4 g6 3. g3 Bg7 4. Bg2 O-O 5. Nc3 d6 6. Nf3 Nc6 7. O-O e5 8. dxe5 dxe5 9. Bg5 Be6 10. Qxd8 Rfxd8 11. Nd2 {The position is equal. 11.Nd2 is better than 11.b3.} h6 {E62: King's Indian: Fianchetto: 6...c6 and Panno Variation (6...Nc6) without ...a6.} 12. Bxf6 Rxd2 13. Bxg7 Kxg7 14. Bxc6 bxc6 15. b3 Rad8 16. Rfd1 R8d4 17. Rxd2 Rxd2 $11 {[%mdl 4096] Endgame KRB-KRN} 18. Kf1 Rc2 19. Nd1 f5 20. Ne3 Rb2 21. Nd1 Rc2 22. Ne3 Rb2 23. Nd1 {[#]} Rc2 $146 {A rather calm draw. Av CentiPawn Loss W=0/B=0. Weighted=0/0} ({Predecessor:} 23... Rd2 24. Ke1 Rd4 25. e3 Rd8 26. Nc3 g5 27. Rd1 Rh8 28. Ke2 Kf6 29. Na4 f4 30. Nc5 Bg4+ 31. f3 Bc8 32. exf4 exf4 33. gxf4 gxf4 34. Rd4 Kg5 {½-½ (31) Mrndjic,A (2166)-Burovic,R (2310) Bihac 2016}) 1/2-1/2

[Event "Speed Chess Championship 2020"]
[Site "Online"]
[Date "2020.11.04"]
[Round "1.6"]
[White "Maghsoodloo, Parham"]
[Black "Carlsen, Magnus"]
[Result "0-1"]
[WhiteElo "2676"]
[BlackElo "2862"]
[Annotator "TA"]
[PlyCount "100"]
[EventDate "2020.10.31"]
[EventType "k.o."]
[SourceTitle "playchess.com"]
[Source "ChessBase"]
[SourceQuality "1"]

{[%evp 19,100,0,8,-20,-17,-28,-27,-34,-31,-38,-20,-33,-15,-55,-39,-54,-54,-54,-44,-41,-39,-103,-94,-94,-94,-86,-62,-87,-53,-53,-54,-68,-68,-57,-63,-45,-23,-50,-43,-53,-60,-113,-59,-52,-36,-70,-64,-49,-45,-89,-82,-264,-281,-356,-346,-557,-563,-538,-506,-496,-478,-679,-672,-695,-535,-721,-721,-710,-703,-714,-674,-692,-640,-682,-635,-633,-626,-631,-613,-12835,-12836,-12822,-10054]} 1. e4 e5 2. Nf3 Nc6 3. Bb5 Nf6 4. O-O Nxe4 5. d4 Nd6 6. Bxc6 dxc6 7. dxe5 Nf5 8. Qxd8+ Kxd8 9. h3 h6 10. Nc3 {[%cal Bb1c3,Bc3e2,Be2f4,Bf4d5][%mdl 32]} Bd7 11. Ne2 {C67: Ruy Lopez: Berlin Defence: 4 0-0 Nxe4.} c5 12. Rd1 Kc8 13. Nf4 {Black has an edge.} Bc6 14. Nd5 b6 15. c4 Kb7 16. Bf4 {[#]} Rd8 $146 ({Predecessor:} 16... Re8 17. Rd3 g5 18. Bh2 Bg7 19. Re1 Re6 20. g4 Ne7 21. b4 cxb4 22. Nd4 Nxd5 23. cxd5 Bxd5 {0-1 (41) Piza,V (2295)-Hladik,J (2215) Czechia 2005}) 17. Rd2 g5 18. Bh2 Ng7 19. Rad1 Ne6 20. g4 (20. Nf6 $15 Rxd2 21. Nxd2) 20... Bg7 21. Bg3 Rd7 22. h4 Rhd8 23. b3 b5 24. Kf1 a5 25. Ke2 a4 26. Ke3 axb3 27. axb3 Ra8 28. hxg5 Ra3 29. Rd3 $1 hxg5 30. Nd2 {[#]} ({White should play} 30. Rh1 $15) 30... bxc4 ({Black should try} 30... Nd4 $1 $17 31. Ne4 Bf8) 31. Nxc4 $15 Ra8 32. Nf6 Rd4 $36 {[%mdl 2048] Black fights for an advantage.} 33. f3 $1 Ra2 34. R1d2 Ra1 35. Rxd4 $2 {Loses the game.} (35. Rc3 $17) 35... cxd4+ $19 ({Not} 35... Nxd4 36. Ne4 $15) 36. Kf2 Bf8 37. Nb2 $2 (37. Ne4 {was worth a try.}) 37... Bb4 {Black is clearly winning.} 38. Rc2 Ra2 {[#] aiming for ...d3!} 39. Re2 Ra3 40. Nc4 (40. Nd3 $142 Rxb3 41. Nxb4 Rxb4 42. Kg2) 40... Rxb3 41. Ne4 Bd5 42. Rc2 d3 43. Rc1 Bxe4 44. fxe4 d2 45. Rd1 Rd3 46. Kg2 Nc5 47. Bf2 Nxe4 48. Be3 Kc6 49. Kf3 Kd5 50. Nb2 Rb3 {Av CentiPawn Loss W=-55/B=-40. Weighted=-41/-24} 0-1

[Event "Speed Chess Championship 2020"]
[Site "Online"]
[Date "2020.11.08"]
[Round "1.6"]
[White "Abdusattorov, Nodirbek"]
[Black "So, Wesley"]
[Result "1-0"]
[WhiteElo "2662"]
[BlackElo "2816"]
[Annotator "ChessBase"]
[PlyCount "89"]
[EventDate "2020.10.31"]
[EventType "k.o."]
[SourceTitle "playchess.com"]
[Source "ChessBase"]
[SourceQuality "1"]
[TimeControl "300+1"]

1. e4 {[%emt 0:00:02]} e5 {[%emt 0:00:01]} 2. Nf3 {[%emt 0:00:01]} Nc6 {[%emt 0:00:00]} 3. Nc3 {[%emt 0:00:01]} Nf6 {[%emt 0:00:01]} 4. Bb5 {[%emt 0:00:01]} Nd4 {[%emt 0:00:01]} 5. O-O {[%emt 0:00:01]} c6 {[%emt 0:00:03]} 6. Bd3 {[%emt 0:00:02]} Nxf3+ {[%emt 0:00:02]} 7. Qxf3 {[%emt 0:00:00]} d6 {[%emt 0:00:00]} 8. Be2 {[%emt 0:00:02]} Bg4 {[%emt 0:00:03]} 9. Qe3 {[%emt 0:00:01]} Qb6 {[%emt 0:00:01]} 10. d3 {[%emt 0:00:00]} Qxe3 {[%emt 0:00:04]} 11. Bxe3 {[%emt 0:00:01]} Bxe2 {[%emt 0:00:03]} 12. Nxe2 {[%emt 0:00:00]} d5 {[%emt 0:00:09]} 13. f3 {[%emt 0:00:01]} Bd6 {[%emt 0:00:04]} 14. a4 {[%emt 0:00:02]} a5 {[%emt 0:00:07]} 15. c3 {[%emt 0:00:15]} dxe4 {[%emt 0:00:04]} 16. dxe4 {[%emt 0:00:08]} Nd7 {[%emt 0:00:00]} 17. Kf2 {[%emt 0:00:02]} Bc5 {[%emt 0:00:01]} 18. Rfd1 {[%emt 0:00:05]} O-O-O {[%emt 0:00:07]} 19. Nc1 {[%emt 0:00:28]} Bxe3+ {[%emt 0:00:10]} 20. Kxe3 {[%emt 0:00:00]} Nc5 {[%emt 0:00:01]} 21. Rxd8+ {[%emt 0:00:02]} Rxd8 {[%emt 0:00:01]} 22. b4 {[%emt 0:00:00]} axb4 {[%emt 0:00:16]} 23. cxb4 {[%emt 0:00:00]} Ne6 {[%emt 0:00:00]} 24. Nd3 {[%emt 0:00:04]} f6 {[%emt 0:00:02]} 25. h4 {[%emt 0:00:12]} Kc7 {[%emt 0:00:05]} 26. a5 {[%emt 0:00:02]} Rd4 {[%emt 0:00:32]} 27. Rc1 {[%emt 0:00:19]} Rd8 {[%emt 0:00:16]} 28. g3 {[%emt 0:00:03]} h5 {[%emt 0:00:02]} 29. f4 {[%emt 0:00:05]} exf4+ {[%emt 0:00:06]} 30. gxf4 {[%emt 0:00:00]} f5 {[%emt 0:00:17]} 31. exf5 {[%emt 0:00:24]} Nd4 {[%emt 0:00:02]} 32. Rc5 {[%emt 0:00:00]} b6 {[%emt 0:00:15]} 33. Re5 {[%emt 0:00:34]} Nc2+ {[%emt 0:00:03]} 34. Ke2 {[%emt 0:00:00]} Nd4+ {[%emt 0:00:03]} 35. Kf2 {[%emt 0:00:01]} bxa5 {[%emt 0:00:18]} 36. bxa5 {[%emt 0:00:04]} Nxf5 {[%emt 0:00:01]} 37. Rxf5 {[%emt 0:00:03]} Rxd3 {[%emt 0:00:01]} 38. Rf7+ {[%emt 0:00:01]} Kd6 {[%emt 0:00:05]} 39. Rxg7 {[%emt 0:00:17]} Ra3 {[%emt 0:00:03]} 40. Rg5 {[%emt 0:00:01]} c5 {[%emt 0:00:01]} 41. a6 {[%emt 0:00:01]} c4 {[%emt 0:00:15]} 42. Rxh5 {[%emt 0:00:02]} Kc6 {[%emt 0:00:19]} 43. Rg5 {[%emt 0:00:16]} Kb6 {[%emt 0:00:04]} 44. f5 {[%emt 0:00:12]} Rxa6 {[%emt 0:00:18]} 45. Rg6+ {[%emt 0:00:02]} 1-0

[Event "Speed Chess Championship 2020"]
[Site "Online"]
[Date "2020.11.12"]
[Round "1.6"]
[White "Martirosyan, Haik M."]
[Black "Nakamura, Hikaru"]
[Result "0-1"]
[WhiteElo "2622"]
[BlackElo "2736"]
[Annotator "TA"]
[PlyCount "102"]
[EventDate "2020.10.31"]
[EventType "k.o."]
[SourceTitle "playchess.com"]
[Source "ChessBase"]
[SourceQuality "1"]

{[%evp 12,102,23,8,8,9,20,8,29,14,32,19,37,24,30,30,30,24,30,11,6,0,0,0,0,0,0,-31,-45,-36,-16,-14,0,0,23,23,23,10,123,116,131,131,116,120,125,105,300,279,341,337,379,368,364,241,250,245,191,32,200,198,175,70,75,66,51,56,101,96,67,12,38,37,23,16,25,0,0,-20,-19,-14,-11,-56,-56,-288,-288,-288,-278,-627,-610,-627,-623,-643,-633]} 1. d4 Nf6 2. Nf3 e6 3. c4 d5 4. Nc3 Be7 5. Bf4 O-O 6. e3 Nbd7 {6...b6 is the recent fashion.} 7. Be2 dxc4 {D37: Queen's Gambit Declined: 5 Bf4.} 8. O-O a6 9. a4 b6 $5 {[%mdl 4] The position is equal. Exploring less charted territory.} 10. Bxc4 Bd6 11. Bxd6 cxd6 12. d5 e5 13. Nd2 {[#]} a5 $5 $146 {[%mdl 8] New and interesting.} ({Predecessor:} 13... Bb7 14. e4 Qe7 15. Re1 Rfc8 16. Bf1 a5 17. Bb5 Ba6 18. Bc6 Rab8 19. Nb5 Nc5 20. Ra3 g6 {½-½ (57) Bacrot,E (2697)-Khismatullin,D (2651) Berlin 2015}) 14. Bb5 Nc5 15. Nc4 Bf5 16. f3 Bd3 17. Rf2 e4 18. f4 Rc8 19. b3 h5 20. h3 h4 (20... Nxb3 $5 21. Qxb3 Bxc4 22. Bxc4 Qc7 $11) 21. Bc6 Bxc4 22. bxc4 Nd3 23. Rd2 Nb4 24. Bb5 g6 (24... Nd3 $11 {remains equal.}) 25. Qe1 $16 Nh5 26. Nxe4 Qe7 27. Ng5 $1 Ng3 28. Qf2 Qf6 $2 (28... f5 $16 {is a better defense.} 29. Re1 Ne4 30. Nxe4 fxe4) 29. Re1 $18 Qc3 30. e4 $1 Rc7 31. e5 Re7 32. e6 (32. exd6 $2 Rxe1+ 33. Qxe1 Nc2 $19) 32... fxe6 33. dxe6 (33. Nxe6 Rff7 $16) 33... Rf5 34. Rxd6 $2 (34. Kh2 $18) 34... Rxf4 $2 {[#]} (34... Nc2 $1 $14 35. Rd8+ Rf8 36. Rxf8+ Kxf8) 35. Qd2 $1 ({Don't do} 35. Rd8+ $6 Kg7 $16) 35... Qf6 {[#]} 36. Nf3 (36. c5 $1 $18 {Hoping for Rd8+.} Qxg5 37. cxb6 (37. Rd4 $2 Qxc5 38. Qxf4 Nf5 $19 {[%mdl 64] Pin}) 37... Qc5+ 38. Kh2) 36... Ne4 $1 $14 {[%cal Re4d2]} 37. Rd8+ Kg7 $1 38. Qd4 $1 Nc5 39. Qxf6+ Rxf6 40. Nxh4 (40. Nd4 $14) 40... Rfxe6 41. Rxe6 Rxe6 42. Nf3 Nbd3 43. Rb8 Nb2 44. Nd4 Rd6 45. Nc6 Nbxa4 46. h4 Nc3 47. Rxb6 $2 ({White should try} 47. g4 $15) 47... a4 $19 {[%cal Ba5a4,Ba4a3,Ba3a2][%mdl 32] White must now prevent ...a3.} 48. Rb8 a3 {Strongly threatening ...a2.} 49. Ra8 $2 (49. Nb4) 49... Rd1+ {Black is clearly winning.} 50. Kh2 a2 51. Ra7+ Kf6 {Never resign too early!  Weighted Error Value: White=0.36/Black=0.20} 0-1

[Event "Speed Chess Championship 2020"]
[Site "Online"]
[Date "2020.12.08"]
[Round "1.6"]
[White "Nihal Sarin"]
[Black "Vachier-Lagrave, Maxime"]
[Result "1/2-1/2"]
[WhiteElo "2620"]
[BlackElo "2784"]
[Annotator "TA"]
[PlyCount "83"]
[EventDate "2020.10.31"]
[EventType "k.o."]

{[%evp 17,83,0,0,0,8,7,25,39,25,19,212,151,162,150,250,245,264,198,197,210,198,175,170,170,167,119,122,88,88,88,150,88,88,88,88,81,127,69,146,53,53,53,81,81,81,81,81,81,81,0,81,81,81,81,81,81,81,81,81,81,81,81,81,0,81,81,81,0]} 1. d4 d5 2. c4 c6 3. Nf3 Nf6 4. Nc3 e6 5. Bg5 h6 6. Bh4 dxc4 7. e4 g5 8. Bg3 b5 9. Be2 Bb7 10. Qc2 {D43: Semi-Slav: 5 Bg5 h6.} Nbd7 11. Rd1 {11.Nd2 is not played anymore.} Nh5 12. d5 {White has an edge.} Nxg3 13. hxg3 {[#] Threatens to win with dxe6.} e5 $146 (13... exd5 $11 {and Black stays safe.} 14. exd5 cxd5) ({Predecessor:} 13... cxd5 14. exd5 exd5 15. Nxd5 Bg7 16. Ne3 Qa5+ 17. Kf1 Rd8 18. Nf5 Kf8 19. Nxg7 Kxg7 {½-½ (34) Ham,S (2583)-Kribben,M (2660) ICCF email 2016}) 14. dxc6 Bxc6 {[#]} 15. Nxe5 $1 {[%mdl 512]} Nxe5 (15... Qb6 $16 {was called for.}) 16. Rxd8+ $18 Rxd8 17. O-O Bc5 18. a4 a6 19. axb5 axb5 20. Nd5 Bxd5 21. exd5 {And now Qf5 would win.} O-O 22. b3 {[%cal Rb3c4]} Rxd5 23. bxc4 bxc4 {[#]} (23... Nxc4 $142 24. Bxc4 bxc4) 24. Bxc4 (24. Kh2 $142 $1) 24... Nxc4 $16 25. Qxc4 Rfd8 26. Kh2 Bf8 27. f4 (27. Rb1 $16) 27... gxf4 (27... Be7 $14) 28. Rxf4 ({Don't blunder} 28. Qxf4 $2 Rh5+ 29. Qh4 Rxh4+ $19) (28. gxf4 $16 Rd4 29. Qc7) 28... Rh5+ $14 29. Rh4 $1 {[%cal Rh4h5]} Rxh4+ 30. gxh4 {[%mdl 4096] Endgame KQ-KRB} Rd6 31. Kh3 Re6 32. Qg4+ Bg7 33. Qc4 Bf8 $1 34. g3 Bg7 35. Kg2 Bf8 36. Qc8 Rg6 37. Qf5 Re6 38. Qd5 Bg7 39. Qa8+ Bf8 40. Qd5 (40. g4 $16) 40... Re2+ (40... Bg7 $1 $11) 41. Kf3 Re6 42. Kg2 {White really could win this.  Weighted Error Value: White=0.20/Black=0.25} (42. Qa8 $16) 1/2-1/2

[Event "Speed Chess Championship 2020"]
[Site "Online"]
[Date "2020.11.04"]
[Round "1.7"]
[White "Carlsen, Magnus"]
[Black "Maghsoodloo, Parham"]
[Result "1-0"]
[WhiteElo "2862"]
[BlackElo "2676"]
[Annotator "TA"]
[PlyCount "77"]
[EventDate "2020.10.31"]
[EventType "k.o."]
[SourceTitle "playchess.com"]
[Source "ChessBase"]
[SourceQuality "1"]

{[%evp 9,77,0,0,0,10,0,-1,-7,0,-16,0,-11,0,-14,0,-14,-16,-15,7,8,15,0,0,7,5,0,4,0,0,-8,19,12,12,-47,0,0,0,2,0,0,0,-35,9,-26,13,-14,8,0,8,8,12,8,10,0,0,0,98,98,112,0,0,0,0,0,19,25,39,39,46,50]} 1. e4 e5 2. Nf3 Nf6 3. d3 Nc6 4. g3 Bc5 5. Bg2 d6 6. c3 {C44: Ponziani Opening and Scotch Gambit.} O-O 7. O-O a5 8. h3 $5 {[%mdl 4] The position is equal. Exploring less charted territory.} Re8 9. Re1 {[#]} b5 $146 ({Predecessor:} 9... h6 10. d4 Ba7 11. Be3 exd4 12. Nxd4 Ne5 13. Nc2 Bxe3 14. Nxe3 Bd7 15. Qc2 Qc8 {½-½ (57) Duda,J (2729)-Anand,V (2764) Paris 2019}) 10. Nbd2 a4 11. Nf1 h6 12. Be3 Bxe3 13. Nxe3 Ne7 14. d4 Ng6 15. dxe5 dxe5 16. Qc2 c6 17. c4 Be6 18. Rad1 Qa5 19. Rd6 Rac8 20. Red1 b4 21. Bf1 (21. Ne1 $11) 21... Qc5 22. R6d2 b3 23. axb3 axb3 24. Qb1 Ra8 25. Nh2 h5 26. h4 Ra2 27. Be2 Rea8 28. Nf3 Ng4 29. Nxg4 Bxg4 30. Qd3 Nf8 {[%cal Bg6f8,Bf8e6,Be6d4][%mdl 32]} 31. Qxb3 Ne6 32. Qc3 Bxf3 (32... f6 $1 $11 {remains equal.}) 33. Qxf3 $16 g6 {[#]} 34. Rd7 (34. Qf6 $1 $16) 34... Rf8 $1 $11 35. R1d2 Nd4 36. Qe3 Qb4 37. Kg2 {Qg5 is the strong threat.} Rxb2 38. Rxb2 Qxb2 39. Bxh5 {Av CentiPawn Loss W=-10/B=-12. Weighted=-9/-11} 1-0

[Event "Speed Chess Championship 2020"]
[Site "Online"]
[Date "2020.11.08"]
[Round "1.7"]
[White "So, Wesley"]
[Black "Abdusattorov, Nodirbek"]
[Result "1/2-1/2"]
[WhiteElo "2816"]
[BlackElo "2662"]
[Annotator "TA"]
[PlyCount "78"]
[EventDate "2020.10.31"]
[EventType "k.o."]
[SourceTitle "playchess.com"]
[Source "ChessBase"]
[SourceQuality "1"]

{[%evp 13,78,16,27,35,21,24,25,23,29,29,20,26,31,-78,45,44,50,48,48,20,23,28,33,25,12,25,25,23,15,11,11,0,11,0,0,0,0,0,0,0,0,0,0,-9,0,0,22,0,18,9,50,5,241,0,0,0,0,0,0,0,0,0,0,0,0,0,0]} 1. d4 d5 2. c4 e6 3. Nc3 Be7 4. cxd5 exd5 5. Bf4 Nf6 6. e3 Bf5 7. Qb3 Nc6 {[%cal Bb8c6,Bc6b4,Bb4d5][%mdl 32]} 8. g4 $1 {[%mdl 4] outshines the older 8.Qxb7. D35: Queen's Gambit Declined: Exchange Variation.} Nxg4 9. Qxd5 Qxd5 10. Nxd5 {White has an edge.} Bb4+ 11. Nxb4 Nxb4 12. Rc1 Nd5 {[#]} 13. Bg3 $146 {[#]} ({Much weaker is} 13. Bxc7 Rc8 $17) (13. Ne2 $14 {keeps the upper hand.}) ({Predecessor:} 13. h3 Ngf6 14. Be5 O-O 15. Ne2 Nd7 16. Bh2 c6 17. Ng3 Bg6 18. h4 N7f6 19. Be2 {1-0 (44) Fridman,D (2653)-Svane,R (2401) Osterburg 2012}) 13... O-O-O (13... Ngxe3 $1 $17 {[%mdl 512]} 14. fxe3 Be4) 14. Ne2 $14 c6 15. Rg1 Ngf6 16. Nc3 Nxc3 17. bxc3 Ne4 18. f3 Nxg3 19. Rxg3 g6 20. e4 Be6 21. a3 f5 22. Bd3 Rhf8 23. Ke2 fxe4 24. fxe4 Rf4 25. Rf1 Rdf8 26. Rxf4 Rxf4 $11 {[%mdl 4096] Endgame KRB-KRB} 27. c4 Rh4 28. Rg2 Bg4+ 29. Ke3 Rh3+ 30. Kd2 h5 31. e5 Be6 32. a4 (32. Bxg6 $5 {[%cal Rd4d5]} Rxa3 33. Rg5 $14) 32... g5 $2 {[#]} (32... Kd8 $11 {and Black is okay.}) 33. Rxg5 $2 (33. d5 $1 $18 {[%cal Rd5e6]} Bg4 34. Rf2) 33... Rxh2+ {The position is equal.} 34. Kc3 {Rg6 is the strong threat.} Rh3 35. Kd2 Rh2+ 36. Ke3 Rh3+ 37. Ke4 Rh4+ 38. Ke3 Rh3+ 39. Kd2 Rh2+ {Av CentiPawn Loss W=-15/B=-13. Weighted=-13/-16} 1/2-1/2

[Event "Speed Chess Championship 2020"]
[Site "Online"]
[Date "2020.11.11"]
[Round "1.7"]
[White "Nepomniachtchi, Ian"]
[Black "Aronian, Levon"]
[Result "1-0"]
[WhiteElo "2784"]
[BlackElo "2781"]
[Annotator "TA"]
[PlyCount "65"]
[EventDate "2020.10.31"]
[EventType "k.o."]
[SourceTitle "playchess.com"]
[Source "ChessBase"]
[SourceQuality "1"]

{[%evp 9,65,12,8,3,8,11,12,0,12,18,14,18,33,22,25,28,27,10,22,22,51,40,141,130,130,118,135,124,139,141,150,102,112,106,128,93,149,127,121,109,160,116,115,93,107,77,77,81,82,70,186,191,394,319,300,285,425,378]} 1. e4 e5 2. Nf3 Nc6 3. Bb5 Nf6 4. d3 Bc5 5. Nbd2 Nd4 6. Nxd4 {C65: Ruy Lopez: Berlin Defence (3...Nf6), unusual lines and 4 0-0 Bc5.} Bxd4 7. c3 Bb6 8. d4 {The position is equal.} c6 9. dxe5 {[#] Strongly threatening Be2.} cxb5 10. exf6 Qxf6 {[%csl Gb6][%cal Rf6f2]} 11. O-O O-O {[#]} 12. Qh5 $5 $146 {[%mdl 8] An interesting novelty.} ({Predecessor:} 12. a4 bxa4 13. Nc4 d5 14. exd5 Bd7 15. Be3 Bxe3 16. fxe3 Qe7 17. Qd4 Rfe8 18. e4 {½-½ (42) Nepomniachtchi,I (2775)-So,W (2754) Zagreb 2019}) 12... Qc6 13. Nf3 d6 14. Re1 f6 15. Be3 a6 (15... Bc5 $14) 16. Bxb6 $16 Qxb6 17. Qd5+ Rf7 18. Rad1 Bg4 19. Qxd6 Qa5 20. Qd5 Bxf3 21. gxf3 Re8 22. f4 g6 (22... Qc7 $142) 23. e5 {aiming for exf6.} Qb6 24. Rd4 fxe5 25. Rxe5 Ref8 26. Re7 Kg7 27. Qe5+ Qf6 28. Rdd7 Rxe7 29. Rxe7+ Kh6 ({Black should try} 29... Rf7 $1 $14 30. Re6 Qxe5 31. fxe5 Kh6) 30. Qc7 $18 {[%csl Gc7][%cal Re7h7] [#]} ({But not} 30. Rxb7 $6 Qxf4 31. Qxf4+ Rxf4 $16) 30... Rh8 $2 (30... Qxf4 31. Rxh7+ Kg5 32. Qxf4+ Rxf4 33. Rxb7 Rf6) 31. h3 Qf5 32. Kh2 ({Weaker is} 32. Qxb7 Qxf4 33. Rf7 Qg5+ 34. Kh1 Qe5 $18) 32... Qc2 (32... b6 $142 33. Kg3 Qc5) 33. Qc5 {Weighted Error Value: White=0.13/Black=0.33} 1-0

[Event "Speed Chess Championship 2020"]
[Site "Online"]
[Date "2020.12.08"]
[Round "1.7"]
[White "Vachier-Lagrave, Maxime"]
[Black "Nihal Sarin"]
[Result "1/2-1/2"]
[WhiteElo "2784"]
[BlackElo "2620"]
[Annotator "TA"]
[PlyCount "93"]
[EventDate "2020.10.31"]
[EventType "k.o."]

{[%evp 16,93,6,6,12,12,29,14,13,11,21,12,14,14,11,9,18,9,33,30,48,39,30,31,46,45,62,62,85,66,70,56,62,60,67,74,61,73,129,13,14,0,8,0,7,0,0,0,0,0,0,0,0,0,0,0,0,0,0,0,0,0,0,0,0,0,0,-8,0,0,0,-5,0,0,0,-5,0,0,0,-5]} 1. e4 e5 2. Nf3 Nc6 3. Bb5 a6 4. Ba4 Nf6 5. O-O Be7 6. d3 b5 7. Bb3 d6 8. a3 O-O 9. Nc3 Na5 $1 {[%mdl 4] is currently scoring better than 9...Bg4. C77: Ruy Lopez: 3...a6 4 Ba4 Nf6, unusual lines.} 10. Ba2 Be6 11. b4 Bxa2 12. Rxa2 Nc6 13. Bg5 Ng4 14. Bd2 Nf6 15. Re1 Qd7 16. Nd5 Nxd5 (16... a5 {is more complex.} 17. Qb1 Rfb8 18. h3 h6 19. c3 Bd8) 17. exd5 Nd4 18. Nxd4 exd4 {[#]} 19. h3 $146 ({Predecessor:} 19. Qa1 Bf6 20. a4 Rac8 21. axb5 axb5 22. Ra5 h6 23. h3 Rfe8 24. Kf1 c6 25. Ra7 Rxe1+ 26. Bxe1 {0-1 (34) Kovalev,V (2648)-Esipenko,A (2682) chess.com INT 2020}) 19... Bf6 20. Qg4 Qxg4 21. hxg4 Rfe8 22. Rxe8+ Rxe8 $16 {[%mdl 4096] Endgame KRB-KRB} 23. Kf1 Re5 24. a4 Rxd5 25. axb5 Rxb5 26. Rxa6 {White threatens Ra8+ and mate.} h6 {[#]} ({Black should play} 26... Rb8) 27. Ke2 ({White should try} 27. Ra7 $1 $16) 27... Kf8 $11 {The position is equal.} 28. f4 Ke8 29. Kf3 Kd7 30. Ke4 d5+ 31. Kf3 Be7 32. Ra4 Bd6 33. Ke2 g6 34. f5 gxf5 35. gxf5 h5 36. Kf3 Rb8 37. Be1 Re8 {[#] ( -> ...Re3+)} 38. Bf2 Re5 39. Bxd4 Rxf5+ 40. Ke2 Rg5 41. Kf3 Rg3+ 42. Kf2 Rg4 43. c3 Rf4+ 44. Ke2 Rg4 45. Kf2 Rf4+ 46. Ke2 Rg4 47. Kf2 {Weighted Error Value: White=0.10/Black=0.06} 1/2-1/2